Mobile cellular telecommunications systems / (Record no. 194258)

000 -LEADER
fixed length control field 01144 a2200193 4500
003 - CONTROL NUMBER IDENTIFIER
control field NUST
005 - DATE AND TIME OF LATEST TRANSACTION
control field 20221230141947.0
010 ## - LIBRARY OF CONGRESS CONTROL NUMBER
LC control number 88012795
020 ## - INTERNATIONAL STANDARD BOOK NUMBER
International Standard Book Number 0070370303
040 ## - CATALOGING SOURCE
Transcribing agency Nust
082 00 - DEWEY DECIMAL CLASSIFICATION NUMBER
Classification number 621.38456,LEE
100 1# - MAIN ENTRY--PERSONAL NAME
Personal name Lee, William C. Y.
9 (RLIN) 57170
245 10 - TITLE STATEMENT
Title Mobile cellular telecommunications systems /
Statement of responsibility, etc. William C.Y. Lee.
260 ## - PUBLICATION, DISTRIBUTION, ETC.
Place of publication, distribution, etc. New York :
Name of publisher, distributor, etc. McGraw-Hill,
Date of publication, distribution, etc. c1989.
300 ## - PHYSICAL DESCRIPTION
Extent xi, 449 p. :
Other physical details ill. ;
Dimensions 24 cm.
505 ## - FORMATTED CONTENTS NOTE
Formatted contents note Introduction to Cellular Mobile Systems (Page-1), Elements of Cellular Radio System Design (Page-47), Specifications (Page-67), Cell Coverage for Signal and Traffic (Page-97), Cell Site Antennas and Mobile Antenna (Page-147), Cochannel Interference Reduction (Page-179), Types of Noncochannel Interference (Page-211), Frequency Management and Channel Assignment (Page-245), Handoffs (Page-269), Operational Techniques and Technologies (Page-283), Switching and Traffic (Page-317), Data Links and Microwaves (Page-337), System Evaluations (Page-355), Digital Systems (Page-401), Cellular Related Topics (Page-435).
650 #0 - SUBJECT ADDED ENTRY--TOPICAL TERM
Topical term or geographic name entry element Cell phone systems.
9 (RLIN) 105639
942 ## - ADDED ENTRY ELEMENTS (KOHA)
Source of classification or shelving scheme
Koha item type Book
Call number prefix 621.38456,LEE
Holdings
Withdrawn status Lost status Source of classification or shelving scheme Damaged status Not for loan Permanent Location Current Location Shelving location Date acquired Full call number Barcode Date last seen Price effective from Koha item type Public note
          Military College of Signals (MCS) Military College of Signals (MCS) General Stacks 12/12/2016 621.38456,LEE MCS866 12/08/2016 12/12/2016 Book Almirah No.39, Shelf No.2
© 2023 Central Library, National University of Sciences and Technology. All Rights Reserved.